An introduction to Nietzsche as political thinker : the perfect nihilist (Record no. 368972)

MARC details
000 -LEADER
fixed length control field 00719nam a2200205Ia 4500
008 - FIXED-LENGTH DATA ELEMENTS--GENERAL INFORMATION
fixed length control field 191130s1999##################000#0#eng##
020 ## - INTERNATIONAL STANDARD BOOK NUMBER
ISBN 9780521427210
082 ## - DEWEY DECIMAL CLASSIFICATION NUMBER
Classification number 320.01 ANS
100 ## - MAIN ENTRY--AUTHOR NAME
Personal name Ansell-Pearson, Keith
245 ## - TITLE STATEMENT
Title An introduction to Nietzsche as political thinker : the perfect nihilist
Statement of responsibility, etc Keith Ansell-Pearson
260 ## - PUBLICATION, DISTRIBUTION, ETC. (IMPRINT)
Place of publication Cambridge
Name of publisher Cambridge Univeristy Press
Year of publication 1999
300 ## - PHYSICAL DESCRIPTION
Number of Pages xix, 243 p. ; 23 cm
500 ## - GENERAL NOTE
General note Includes bibliographical references (p. 225-239) and indexes
650 ## - SUBJECT ADDED ENTRY--TOPICAL TERM
Topical Term Nietzsche, Friedrich Wilhelm, 1844-1900 - Political and social views
Topical Term Nihilism
991 ## -
-- 194657
Holdings
Withdrawn status Lost status Damaged status Not for loan Home library Current library Shelving location Date acquired Full call number Accession Number Price effective from Koha item type
        Anna Centenary Library Anna Centenary Library 3RD FLOOR, B WING 17.10.2020 320.01 ANS 231691 17.10.2020 English Books

Find us on the map